000 00656nam a22001577a 4500
999 _c58801
_d58801
005 20220913113206.0
008 220912c2022 ge ||||| |||| 00| 0 geo d
020 _q1512083X
041 _ageo
245 _aაუდიტი აღრიცხვა ფინანსები. 2022 /
_cმთ. რედაქტორი გიორგი ცერცვაძე.
260 _aთბილისი,
_c2000-
300 _av.
653 _aაუდიტი აღრიცხვა ფინანსები
700 _aცერცვაძე, გიორგი
_eმთავარი რედაქტორი
_9448
942 _2udc
_cCR